Μεταβολές ανεμολογικών χαρακτηριστικών και η επίδραση τους στη διάβρωση της παραλίας της σκάλας Ερεσού : διατριβή εξειδίκευσης
Saved in:
| Main Author: | |
|---|---|
| Corporate Author: | |
| Format: | Thesis Book |
| Language: | Greek |
| Published: |
2010.
|
| Subjects: | |
| Online Access: | http://hdl.handle.net/11610/11673 |
| Tags: |
Add Tag
No Tags, Be the first to tag this record!
|
MARC
| LEADER | 00000cam a2200000 i 4500 | ||
|---|---|---|---|
| 001 | 1/16086 | ||
| 008 | 111101s2010 gr | ||| |||| ||gre|| | ||
| 035 | |l 10111228 | ||
| 040 | |a GR-MyUa |b gre |e AACR2 | ||
| 041 | 0 | |a gre | |
| 082 | 7 | |a 551.457 |2 (22) | |
| 100 | 1 | |a Τζεβελίκα, Ιωάννα-Μαρία. | |
| 245 | 1 | 0 | |a Μεταβολές ανεμολογικών χαρακτηριστικών και η επίδραση τους στη διάβρωση της παραλίας της σκάλας Ερεσού : |b διατριβή εξειδίκευσης / |c Ιωάννα-Μαρία Τζεβελίκα ; επιβλέπων: Καραμπάς Θεοφάνης. |
| 260 | |c 2010. | ||
| 300 | |a 101 σ. ; |c 30 εκ. | ||
| 502 | |a Διατριβή (μεταπτυχιακή) – Πανεπιστήμιο Αιγαίου, Λέσβος, 2010. | ||
| 504 | |a Βιβλιογραφία: σ. 95-101. | ||
| 650 | 0 | |a Beaches |z Greece |z Eresos. | |
| 650 | 0 | |a Coast changes |z Greece |z Eresos. | |
| 650 | 0 | |a Seashore |z Greece |z Eresos. | |
| 650 | 0 | |a Littoral drift. | |
| 650 | 0 | |a Dissertations, Academic |z Greece. | |
| 700 | 1 | |a Καραμπάς, Θεοφάνης, |e dgs | |
| 710 | 2 | |a Πανεπιστήμιο Αιγαίου |b Σχολή Περιβάλλοντος |b Τμήμα Επιστημών της Θάλασσας |b Πρόγραμμα Μεταπτυχιακών Σπουδών Διαχείριση Παράκτιων Περιοχών. | |
| 852 | |a INST |b LESVOS |c DIATR |e 20111101 |h 177 |p 005100051174 |q 005100051174 |t MTXE |y 23 | ||
| 852 | |a INST |b LESVOS |c DIATR |e 20111101 |h 178 |p 005100051173 |q 005100051173 |t MTXE |y 23 | ||
| 856 | |u http://hdl.handle.net/11610/11673 | ||
| 901 | |a BIBL1-2011-3 | ||
| 924 | |a Τζεβελίκα |b Ιωάννα-Μαρία |y Λέσβος |z 2010-05 | ||
| 970 | |a ΤΖΑΦΕΡΗ |b ΕΥΑΓΓΕΛΙΑ |z 2011/11/01 | ||